000
00285nam a22000857a 4500
999
_c
11412
_d
11412
008
190416b ||||| |||| 00| 0 eng d
020
_a
9789386653956
100
_9
7144
_a
BEST BOOK PUBLISHING HOUSE
245
_a
U-LIKE PHYSICS CBSE SAMPLE PAPERS WITH SOLUTIONS& MODEL TEST PAPERS FOR REVISION